000
00289nam a2200109Ia 4500
008
200302s9999 xx 000 0 und d
100
_a
Rem Koolhaas
245
_a
Delirious new York A Retroactive Manifesto for Manhattan
260
_b
The Monacelli Press
260
_c
1994
300
_a
317 P.,
999
_c
2739
_d
2739